| 000 | 00436nam a2200181Ia 4500 | ||
|---|---|---|---|
| 001 | 4817 | ||
| 005 | 20260306145822.0 | ||
| 008 | 260306t2006||||xx |||||||||||||| ||spa|| | ||
| 041 | _aESP | ||
| 082 |
_a330.1 _bM58 |
||
| 100 |
_aStuart Mill, John _eAUT |
||
| 245 | 0 | _aPrincipios de economía política texto impreso | |
| 260 | _c2006 | ||
| 300 |
_a896 páginas : _ccm. |
||
| 650 | _aGEN | ||
| 654 | _aCAN | ||
| 942 |
_cLIB _dJUS _fJUS _2ddc _n |
||
| 999 |
_c4817 _d4817 |
||